Свод докладов на 1895 год

Доступно только в Электронных читальных залах Найти на картеНа карте
RUSMARC
00003383nmc2a2200000 x 450
0014c37ea48-2eb4-4cfe-97dd-c8fc6426b55f
00520160106165336.0
100##$a20150324l18951895k l0rusy0189 ca
1010#$arus
102##$aRU
2001#$aСвод докладов на 1895 год
$j1895 г.
251##$cДело
300##$aДело
801#0$aRU
$bРГИА
$c20150324
$gRCR
801#1$aRU
$bГлавНИВЦ
$c20150324
$2rusmarc
801#2$aRU
$bПБ им. Б.Н. Ельцина
$c20160106
$gRCR
$2rusmarc
850##$aРГИА
852##$aРГИА
$eФедеральное казенное учреждение "Российский государственный исторический архив" (РГИА)
$j2652
937##$hРГИА
$d11287729
$aASBIBLIO_SCAN
462#0$10013826a62a-52d3-408e-b545-2019664385f0
$12001
$a1861-1895 гг.
$1251
$cОпись
$1852
$j50
461#0$10018ef30ad5-ff5c-4840-a721-74c62a200f95
$12001
$aГлавное выкупное учреждение Министерства финансов
$1251
$cФонд
$1852
$j577
215##$a47 л.
$d36,5х26 см
371##$aДокумент не является опубликованным и широко распространяемым
105##$ay###
1222#$ad
035##$a4c37ea48-2eb4-4cfe-97dd-c8fc6426b55f
Формат отображения